Resistencia de materiales

Gespeichert in:
Bibliographische Detailangaben
Hauptverfasser: Gere, James M (VerfasserIn), Timoshenko, Stephen P (VerfasserIn)
Format: Buch
Sprache:Spanisch
Veröffentlicht: Madrid International Thomson 2002
Ausgabe:1a. ed
Schlagworte:
Tags: Tag hinzufügen
Keine Tags, Fügen Sie den ersten Tag hinzu!

MARC

LEADER 00000nam a2200000 a 4500
001 UCJ8915
003 CL-VaPUC
008 070126e20020000SP |||||||||||||||||spa|d
020 |a 8497320654 
082 0 4 |a 620.112  |b GER  |2 21 
100 |a Gere, James M  |e author  |9 554166 
700 0 |a Timoshenko, Stephen P  |e author  |9 518706 
245 1 0 |a Resistencia de materiales 
250 |a 1a. ed 
300 |a 926 p 
942 |c BK 
945 |d 20070126 00:00:00  |a cmena 
260 |a Madrid  |b International Thomson  |c 2002 
650 7 |a ELASTICIDAD  |2 CL-VaPUC  |9 266503 
650 0 |a Materiales de construcción  |9 260197 
650 0 |a Propiedades mecánicas   |9 262507 
650 7 |a FATIGA DE MATERIALES  |2 CL-VaPUC  |9 361346 
650 0 |a Física del estado solido  |9 315365 
650 7 |a ESFUERZO  |2 CL-VaPUC  |9 366504 
583 |a last modification  |c 20180305 10:38:27  |k Rodrigo Vera 
999 |c 324559  |d 324557 
952 |0 0  |1 0  |2 ddc  |4 0  |6 620_112000000000000_GER_2002  |7 0  |8 A  |9 404822  |a BIBING  |b BIBING  |c RES  |d 2019-11-22  |i 4320808  |l 1  |o 620.112 GER 2002  |p 4320808  |r 2025-01-20  |s 2024-10-08  |w 2019-11-22  |y BK  |k CIC